El correo en Santo Domingo : (Registro nro. 14339)

Detalles MARC
000 -LIDER
fixed length control field 01200nam a2200313 a 4500
001 - NÚMERO DE CONTROL
Identificador de número de control 000006461
003 - IDENTIFICACDOR DE NÚMERO DE CONTROL
control field DO-SdBNP
005 - DATE AND TIME OF LATEST TRANSACTION
control field 20221122091848.0
008 - ELEMENTOS DE LONGITUD FIJA
fixed length control field 090831s2000 dr ab 000 0 spa d
020 ## - ISBN
International Standard Book Number 9993430013
040 ## - FUENTE DE CATALOGACIÓN
Agencia que crea de manera original el registro BPMSU
Idioma de catalogación spa
Agencia que realiza la transcripción BPMSU
082 #4 - NÚMERO DE CLASIFICACIÓN DECIMAL DE DEWEY
Classification number 383.497293
Item number R252c 2000
Edition number 22
100 1# - ASIENTO PRINCIPAL -- NOMBRE PERSONAL
Nombre personal Ravelo A., Oscar E.,
Fechas asociadas con el nombre 1911-
245 13 - MENCIÓN DE TITULO
Título El correo en Santo Domingo :
Subtítulo historia documentada /
Mención de responsabilidad Oscar E. Ravelo A.
250 ## - MENCIÓN DE EDICION
Mención de edición Ed. fascím
260 ## - PUBLICACIÓN, DISTRIBUCIÓN, ETC. (PIE DE IMPRENTA)
Lugar de publicación, distribución, etc Santo Domingo :
Nombre del editor, distribuidor, etc. Banco Central de la República Dominicana,
Fecha de publicación, distribución, etc 2000.
300 ## - DESCRIPCIÓN FÍSICA
Extensión 238 p. :
Otros detalles físicos il., map. ;
Dimensiones 23 cm.
500 ## - NOTA GENERAL
Nota general Incluye índice de nombres
500 ## - NOTA GENERAL
Nota general Incluye datos biográficos del autor en la solapa de la cubierta
504 ## - NOTA DE BIBLIOGRAFÍA, ETC.
Bibliography, etc Incluye referencias bibliográficas y notas al pie de las páginas.
504 ## - NOTA DE BIBLIOGRAFÍA, ETC.
Bibliography, etc Bibliografía : p. 225-228
505 0# - NOTA DE CONTENIDO
Información miscelánea v. 1.
Título Desde la época precolombina hasta el período de la anexión
533 ## - NOTA DE REPRODUCCIÓN
Tipo de producción Reproducción fascimilar de la edición de : Ciudad Trujillo: Imprenta la opinión, 1944
590 ## - NOTA LOCAL
Enlace Inventariado, 2022/VM
650 #4 - ENCABEZAMIENTO DE MATERIA--TEMÁTICO
Término temático o nombre geográfico como elemento de entrada Correos
Subdivisión temática general Historia
Subdivisión geográfica República Dominicana
650 #4 - ENCABEZAMIENTO DE MATERIA--TEMÁTICO
Término temático o nombre geográfico como elemento de entrada Correo
Subdivisión temática general Legislación
910 ## - VALIDACIÓN
Validación VMateo V./Validado
942 ## - ADDED ENTRY ELEMENTS (KOHA)
Source of classification or shelving scheme Dewey Decimal Classification
Koha item type Libros
Existencias
Withdrawn status Lost status Source of classification or shelving scheme Damaged status Not for loan Collection code Home library Current library Date acquired Total Checkouts Full call number Barcode Date last seen Copy number Price effective from Koha item type
    Dewey Decimal Classification     Colección Dominicana Biblioteca Pública Metropolitana Salomé Ureña Biblioteca Pública Metropolitana Salomé Ureña 11/22/2022   BPMSU CD 383.497293 R252c 2000 BPMSU22110027 11/22/2022 v.1 11/22/2022 Libros
    Dewey Decimal Classification     Colección Dominicana Biblioteca Pública Metropolitana Salomé Ureña Biblioteca Pública Metropolitana Salomé Ureña 11/22/2022   BPMSU CD 383.497293 R252c 2000 BPMSU25120039 12/08/2025 v.1, e.2 11/22/2022 Libros